[Event "24th Open"]
[Site "Bled SLO"]
[Date "2003.07.19"]
[Round "7"]
[White "Raspor,G"]
[Black "Srebrnic,A"]
[Result "1/2-1/2"]
[WhiteElo "2155"]
[BlackElo "2243"]

1.d4 Nf6 2.c4 g6 3.Nf3 Bg7 4.g3 O-O 5.Bg2 d6 6.O-O Nc6 7.Nc3 e5 8.d5 Ne7
9.e4 Nd7 10.Be3 f5 11.Ng5 Nf6 12.c5 h6 13.Ne6 Bxe6 14.dxe6 fxe4 15.cxd6 cxd6
16.Nxe4 Nxe4 17.Bxe4 d5 18.Bc5 dxe4 19.Qxd8 Rfxd8 20.Bxe7 Re8 21.Bc5 Rxe6
22.Rac1 Rc6 23.Be3  1/2-1/2

[Event "KB Czech Open"]
[Site "Pardubice CZE"]
[Date "2003.07.19"]
[Round "2"]
[White "Burmakin,V"]
[Black "Kurenkov,N"]
[Result "1-0"]
[WhiteElo "2575"]
[BlackElo "2410"]

1.d4 Nf6 2.Nf3 g6 3.c4 Bg7 4.g3 O-O 5.Bg2 d6 6.O-O Nc6 7.d5 Na5 8.Nfd2 c6
9.Na3 cxd5 10.cxd5 e6 11.dxe6 Bxe6 12.Nb3 Nc6 13.Nb5 d5 14.Be3 Ng4 15.Bc5 Re8
16.N5d4 Nge5 17.Nxe6 fxe6 18.e4 Nc4 19.exd5 Nxb2 20.Qd2 Nc4 21.Qc2 exd5 22.Rad1 Nb6
23.a4 Qf6 24.a5 Na4 25.Bd4 Qd6 26.Bxg7 Nb4 27.Qb1 Kxg7 28.Qa1+  1-0

[Event "3rd Savaria Summer Open"]
[Site "Szombathely HUN"]
[Date "2003.07.20"]
[Round "2"]
[White "Jenei,F"]
[Black "Kernazhitsky,L"]
[Result "0-1"]
[WhiteElo "2215"]
[BlackElo "2402"]

1.d4 Nf6 2.Nf3 g6 3.g3 Bg7 4.c4 d6 5.Bg2 O-O 6.O-O Nc6 7.Re1 e5 8.dxe5 dxe5
9.Nc3 Be6 10.Qa4 h6 11.Rd1 Nd7 12.Nd2 Nb6 13.Qb5 Nd4 14.Qc5 Nd7 15.Qa5 b6
16.Qa3 Nc2 17.Qb3 Nxa1 18.Qa4 Nc5 19.Nb3 Qxd1+ 20.Nxd1 Nxa4 21.Bxa8 Nxb3
22.axb3 Rxa8  0-1

[Event "MTO"]
[Site "Biel SUI"]
[Date "2003.07.22"]
[Round "2"]
[White "Cvitan,O"]
[Black "Jaeggi,D"]
[Result "1-0"]
[WhiteElo "2546"]
[BlackElo "2163"]

1.d4 Nf6 2.Nf3 g6 3.c4 Bg7 4.g3 O-O 5.Bg2 d6 6.O-O Nbd7 7.Nc3 e5 8.e4 a6
9.Re1 exd4 10.Nxd4 Ne5 11.b3 c5 12.Nc2 Rb8 13.a4 Ne8 14.Bb2 Nc7 15.Ne3 Nc6
16.Rb1 Nd4 17.Ne2 Nce6 18.Nxd4 Nxd4 19.Nc2 Nxc2 20.Qxc2 b5 21.Bxg7 Kxg7 22.axb5 axb5
23.cxb5 Rxb5 24.Bf1 Rb4 25.Qc3+ f6 26.Bc4 Qe7 27.Rbd1 Be6 28.f4 Bxc4 29.bxc4 Kg8
30.Rd5 Rfb8 31.e5 fxe5 32.fxe5 dxe5 33.Rdxe5 Qf7 34.Re7 Qf8 35.Qe5 Rb1 36.Qd5+ Kh8
37.Qg5 Rxe1+ 38.Rxe1 Rd8 39.Qe5+ Kg8 40.Qe6+ Kh8 41.Rf1 Qd6 42.Qxd6 Rxd6
43.Rf8+ Kg7 44.Rc8 Rd2 45.Rxc5 Kf6 46.h4 h5 47.Rg5 Rc2 48.c5 Ke7 49.Kf1 Kd7
50.Ke1 Kc6 51.Rxg6+ Kb5 52.Rg5 Rxc5 53.Kf2  1-0

[Event "BCSA Open"]
[Site "Batumi GEO"]
[Date "2003.07.24"]
[Round "8"]
[White "Shengelia,D"]
[Black "Mamedov,Rau"]
[Result "0-1"]
[WhiteElo "2486"]
[BlackElo "2409"]

1.d4 Nf6 2.c4 g6 3.g3 Bg7 4.Bg2 O-O 5.Nf3 d6 6.Nc3 Nbd7 7.O-O e5 8.h3 exd4
9.Nxd4 a6 10.e4 Re8 11.Be3 Rb8 12.b3 c5 13.Nde2 Qc7 14.a4 b6 15.Ra2 Bb7 16.f3 Rbd8
17.Rd2 Ne5 18.Qb1 Nc6 19.Rfd1 Nb4 20.g4 Rd7 21.Bf4 Red8 22.h4 Ne8 23.Bh3 Bc6
24.Kg2 Qb8 25.g5 Re7 26.Qc1 b5 27.axb5 axb5 28.cxb5 Bxb5 29.Nxb5 Qxb5 30.Qc4 Qc6
31.Ng3 Be5 32.Bxe5 Rxe5 33.f4 Re7 34.Kh2 d5 35.exd5 Qc7 36.Rc1 Re3 37.Bg2 Rc8
38.Re2 Rxe2 39.Nxe2 Nd6 40.Qc3 Na2 41.Qb2 Nxc1 42.Qxc1 Nf5 43.Nc3 Nd6 44.h5 Qe7
45.h6 f6 46.Bf3 f5 47.Bg2 c4 48.b4 Re8 49.Qa1 Qe1 50.Qxe1 Rxe1 51.b5 Re3
52.Nd1 Rb3 53.Bf1 Rxb5 54.Ne3 Rb2+ 55.Kg3 c3 56.Bd3 Rd2 57.Bc2 Ne4+ 58.Bxe4 fxe4
59.f5 c2  0-1

[Event "BCSA Open"]
[Site "Batumi GEO"]
[Date "2003.07.24"]
[Round "8"]
[White "Pantsulaia,L"]
[Black "Mgeladze,T"]
[Result "1/2-1/2"]
[WhiteElo "2461"]
[BlackElo "2293"]

1.d4 Nf6 2.c4 g6 3.Nf3 Bg7 4.g3 O-O 5.Bg2 d6 6.Nc3 Nc6 7.O-O Rb8 8.h3 a6
9.Be3 Bd7 10.d5 Na5 11.Nd2 c5 12.a3 Qc7 13.Rc1 Rfc8 14.Na2 b5 15.b4 Nb7 16.bxc5 Nxc5
17.Nb4 Qa5 18.cxb5 Bxb5 19.Nc4 Bxc4 20.Rxc4 Qxa3 21.Nc6 Rb7 22.Qc1 Qxc1 23.Rfxc1 Bf8
24.Bxc5 dxc5 25.Rxc5 Kg7 26.Ra5 Rb5 27.Rxb5 axb5 28.Rb1 b4 29.Rxb4 e6 30.Rb7 Nxd5
31.Bxd5 exd5 32.Nd4 Re8 33.Rd7 Bc5 34.e3 Bxd4 35.exd4 Re4 36.Rxd5 Kf6 37.Kg2 Ke6
38.Rd8 Ke7 39.Kf3 f5 40.Rh8 Rxd4 41.Rxh7+ Kf6 42.h4 Ra4 43.Rb7 Ra3+ 44.Kg2 Ra6
45.Rb4 Rc6 46.Kh3 Ra6 47.h5 gxh5 48.Kh4 Kg6 49.f4 Ra3 50.Rb8 Kg7 51.Rb6 Rc3
52.Rb5 Kg6 53.Ra5 Rb3 54.Ra8 Kg7  1/2-1/2

[Event "MTO"]
[Site "Biel SUI"]
[Date "2003.07.27"]
[Round "6"]
[White "Avrukh,B"]
[Black "Arizmendi Martinez,J"]
[Result "1-0"]
[WhiteElo "2557"]
[BlackElo "2521"]

1.d4 Nf6 2.c4 g6 3.Nf3 Bg7 4.g3 O-O 5.Bg2 d6 6.Nc3 Nbd7 7.O-O e5 8.e4 exd4
9.Nxd4 Re8 10.h3 a6 11.Be3 Rb8 12.b3 Nc5 13.Qc2 Bd7 14.b4 Ne6 15.Nb3 Qc8
16.Rad1 Nd8 17.Kh2 Nc6 18.a3 Re5 19.g4 Bxg4 20.hxg4 Qxg4 21.Rh1 Rh5+ 22.Kg1 Rxh1+
23.Kxh1 Ne5 24.Qe2 Qxe2 25.Nxe2 Nxc4 26.Bc1 Re8 27.Ng3 b6 28.Kg1 a5 29.Bf1 Ne5
30.bxa5 bxa5 31.Nxa5 Nxe4 32.Nxe4 Nf3+ 33.Kg2 Nh4+ 34.Kh3 Rxe4 35.Bd3 Ra4
36.Nc6 Nf3 37.Bb5 Re4 38.a4 Bd4 39.Kg3  1-0

[Event "Open"]
[Site "Olomouc CZE"]
[Date "2003.08.01"]
[Round "3"]
[White "Bernasek,J"]
[Black "Zeleny,T"]
[Result "1/2-1/2"]
[WhiteElo "2402"]
[BlackElo "2187"]

1.d4 Nf6 2.c4 g6 3.Nf3 Bg7 4.g3 O-O 5.Bg2 d6 6.O-O Nc6 7.Nc3 Bg4 8.h3 Bxf3
9.Bxf3 Nd7 10.e3 e5 11.d5 Ne7 12.Bg2 f5 13.e4 f4 14.Rb1 a5 15.a3 Nb6 16.b3 Qd7
17.Qd3 g5 18.g4 c5 19.Bd2 Rfc8 20.Nb5 Ra6 21.Rfc1 Na8 22.b4 axb4 23.axb4 b6
24.Ra1 Nc7 25.Nxc7 Rxa1 26.Rxa1 Qxc7 27.Ra6 Rb8 28.Qa3 Nc8 29.Bf3 Bf8 30.Bd1 Be7
31.Ba4 Kf7 32.Bc6 Bd8 33.Bc3 Kf6 34.Kg2 Be7 35.Qa4 Bd8 36.Kf3 h6 37.Ke2 Ke7
38.Kd3 Kf6 39.Qa1 Be7 40.f3 Bd8 41.Be1 Kf7 42.Qa4 Kg8 43.Qa2 Kf7 44.Qa4 Kf8
45.Qa1 Kg7 46.Ra2 Kg8 47.Ke2 Kf7 48.Kf1 Kg8 49.Kg2 Kf7 50.h4 Bf6 51.hxg5 hxg5
52.Kf2 Kf8 53.Ke2 Qh7 54.Ra8 Qc7 55.Kd3 Rxa8 56.Qxa8 Bd8 57.Kc3 Ne7 58.Kb3 Nc8
59.Bc3 Kf7 60.Qa1 Kg8 61.Qh1 Qh7 62.Qxh7+ Kxh7 63.Bd7 Na7 64.bxc5 bxc5 65.Ka4 Kg7
66.Be8 Kf6  1/2-1/2

[Event "HZ Open"]
[Site "Vlissingen NED"]
[Date "2003.08.03"]
[Round "2"]
[White "Ammerlaan,R"]
[Black "Afek,Y"]
[Result "1/2-1/2"]
[WhiteElo "2096"]
[BlackElo "2387"]

1.d4 Nf6 2.Nf3 g6 3.c4 Bg7 4.g3 O-O 5.Bg2 d6 6.O-O Nc6 7.d5 Na5 8.Nbd2 c5
9.e4 e6 10.Qc2 exd5 11.cxd5 Re8 12.Re1 b5 13.Nb3 Nxb3 14.axb3 Nd7 15.Bd2 b4
16.Bf4 Qb6 17.Nd2 Ba6 18.Bf1 Bxf1 19.Kxf1 Be5 20.Be3 Qc7 21.Nc4 Nb6 22.Nxe5 Rxe5
23.Bf4 Re7 24.Rad1 f6 25.h4 Rae8 26.h5 g5 27.Bd2 Qc8 28.Kg2 Qg4 29.f3 Qxh5
30.g4 Qg6 31.Rh1 Rxe4 32.fxe4 Rxe4 33.Qb1 Re2+ 34.Kf3 Qxb1 35.Rxb1 Rxd2 36.Ra1 Nc8
37.Rae1 Nb6 38.Re8+ Kf7 39.Rb8 Nxd5 40.Rxh7+ Kg6 41.Rbb7 Rd3+ 42.Kf2 f5 43.Rbf7 fxg4
44.Rhg7+  1/2-1/2

[Event "Ceska Pojistovna Cup"]
[Site "Olomouc CZE"]
[Date "2003.08.04"]
[Round "6"]
[White "Volodin,V"]
[Black "Groetz,H"]
[Result "1/2-1/2"]
[WhiteElo "2283"]
[BlackElo "2336"]

1.Nf3 Nf6 2.c4 g6 3.d4 Bg7 4.g3 O-O 5.Bg2 d6 6.O-O Nbd7 7.Nc3 e5 8.e4 c6
9.h3 Qb6 10.Re1 exd4 11.Nxd4 Re8 12.Re2 Ng4 13.hxg4 Qxd4 14.Rd2 Qxc4 15.Rxd6 Ne5
16.f3 Qc5+ 17.Kh2 Be6 18.Na4 Qa5 19.Bd2 Qc7 20.Bb4 Nc4 21.Rd3 b5 22.b3 Ne5
23.Bd6 Qa5 24.Bxe5 Bxe5 25.Nc5 Bxa1 26.Qxa1 Qb4 27.Nb7 Qe7 28.Nd6 Red8 29.e5 Bd5
30.f4 Rxd6 31.exd6 Qe2 32.Qf1 Qxf1 33.Bxf1 Rd8 34.g5 Rxd6 35.b4 Re6 36.Kg1 Re1
37.Kf2 Rxf1+ 38.Kxf1 Bc4 39.Ke2 Kf8 40.Ke3 Bxd3 41.Kxd3 Ke7 42.Kd4 Kd6 43.g4 Ke6
44.Kc5 Kd7 45.Kd4 Kd6 46.f5 Kd7 47.Ke5 Ke7 48.Kd4 f6 49.fxg6 hxg6 50.Kc5 f5
51.gxf5 gxf5 52.Kd4 Ke6 53.Ke3 Ke5 54.Kf3 Kd5 55.Kf4 Ke6 56.Ke3 Kf7 57.Kf3 Kg7
58.Kg3 Kh7 59.Kf3 Kg6 60.Kg3 Kf7 61.Kf3 Kg6  1/2-1/2

[Event "Hilton Premier"]
[Site "Blackpool ENG"]
[Date "2003.08.07"]
[Round "6"]
[White "Kunte,A"]
[Black "Hunt,A"]
[Result "1-0"]
[WhiteElo "2515"]
[BlackElo "2395"]

1.d4 Nf6 2.c4 g6 3.Nf3 Bg7 4.g3 O-O 5.Bg2 d6 6.O-O Nc6 7.Nc3 a6 8.d5 Na5
9.Nd2 c5 10.Qc2 Rb8 11.b3 b5 12.Bb2 bxc4 13.bxc4 Nd7 14.Nd1 Bxb2 15.Nxb2 Ne5
16.h3 f5 17.f4 Nf7 18.Rfb1 e5 19.dxe6 Bxe6 20.Nd1 Rxb1 21.Rxb1 d5 22.cxd5 Bxd5
23.e4 Be6 24.Nf2 Nc6 25.exf5 Bxf5 26.Nde4 Qa5 27.Rd1 Nd4 28.Qxc5 Ne2+ 29.Kh2 Qxc5
30.Nxc5 Rc8 31.Nb3 Rc3 32.Rd2 Nc1 33.Bd5 Nxb3 34.Bxb3 Rc6 35.Re2 Kf8 36.g4 Bd7
37.Ne4 h6 38.Kg3 Nd6 39.Nxd6 Rxd6 40.Re3 a5 41.Bc4 Rd4 42.Be2 Rd2 43.a3 Bc6
44.Bd3 g5 45.Be2 gxf4+ 46.Kxf4 Kg7 47.Kg3 Bd5 48.Bb5 Bf7 49.Re7 Kf6 50.Ra7 h5
51.Ra6+ Kg7 52.Rxa5 hxg4 53.hxg4 Rd4 54.Ra7 Kf6 55.Bd7 Kg5 56.Ra5+ Kf6 57.Bf5 Bb3
58.Ra6+ Kg7 59.Kh4 Bf7 60.Kg5 Be8 61.Ra7+  1-0

[Event "FSIM August"]
[Site "Budapest HUN"]
[Date "2003.08.10"]
[Round "9"]
[White "Chetverik,M"]
[Black "Pirisi,G"]
[Result "1-0"]
[WhiteElo "2408"]
[BlackElo "2260"]

1.d4 Nf6 2.c4 g6 3.Nf3 Bg7 4.g3 O-O 5.Bg2 d6 6.O-O c5 7.Nc3 Nc6 8.dxc5 dxc5
9.Bf4 Be6 10.Ne5 Nxe5 11.Bxe5 Qa5 12.Bxb7 Rad8 13.Qc2 Qb4 14.Bf3 Bxc4 15.Rfd1 Nd7
16.Bc7 Qxc3 17.bxc3 Bxe2 18.Bxe2 Ne5 19.Rxd8 Nf3+ 20.Bxf3 Bxc3 21.Rxf8+ Kg7
22.Qxc3+ Kh6 23.Bf4+ g5 24.Rxf7 e5 25.Qxe5 c4 26.Qf6+  1-0

[Event "19th Open"]
[Site "Faaker-See AUT"]
[Date "2003.08.12"]
[Round "5"]
[White "Egle,S"]
[Black "Neulinger,M"]
[Result "1/2-1/2"]
[WhiteElo "2058"]
[BlackElo "2381"]

1.d4 Nf6 2.Nf3 g6 3.c4 Bg7 4.g3 O-O 5.Bg2 d6 6.O-O Nbd7 7.Nc3 e5 8.dxe5 dxe5
9.e4 c6 10.Qc2 Qe7 11.h3 Nc5 12.Be3 Ne8 13.Rad1 Ne6 14.Ne2 b6 15.Nh2 Bb7
16.f4 c5 17.fxe5 Bxe5 18.Ng4 Bg7 19.e5 Bxg2 20.Kxg2 h5 21.Nf6+ Nxf6 22.exf6 Bxf6
23.Qe4 Rad8 24.b3 Rfe8 25.Rxd8 Rxd8 26.Nf4 Nxf4+ 27.Rxf4 Qxe4+ 28.Rxe4 Kg7
29.Kf3 Rd1 30.Bf4 g5 31.Bb8 Rd3+ 32.Re3 Rd7 33.g4 Kg6 34.Ke4 Bd4 35.Rf3 a6
36.a4 f6 37.gxh5+ Kxh5 38.Kf5 Rb7 39.Bd6 b5 40.axb5 axb5 41.cxb5 Rxb5 42.Ke4 f5+
43.Rxf5 Rxb3 44.Bf4  1/2-1/2

[Event "FSIM August"]
[Site "Budapest HUN"]
[Date "2003.08.14"]
[Round "13"]
[White "Chetverik,M"]
[Black "Farago,S"]
[Result "1/2-1/2"]
[WhiteElo "2408"]
[BlackElo "2319"]

1.d4 Nf6 2.c4 g6 3.Nf3 Bg7 4.g3 d6 5.Bg2 O-O 6.O-O c6 7.Nc3 a6 8.e4 b5 9.e5 Ne8
10.Qe2 Nc7 11.Bg5 f6 12.exd6 exd6 13.Be3 bxc4 14.Qxc4+ Be6 15.Qa4 Nd5 16.Rfe1 Nb6
17.Qc2 Qd7 18.Na4 Nxa4 19.Qxa4 Bd5 20.Nd2 Bxg2 21.Kxg2 Ra7 22.Qc4+ Kh8 23.Nb3 Rb7
24.Bf4 g5 25.Bd2 Rb5 26.Qe6 Qd8 27.Qe7 c5 28.Qxd8 Rxd8 29.Ba5 Rc8 30.dxc5 dxc5
31.Bc3 Nc6 32.Re6 f5 33.Rc1 Bxc3 34.Rxc3 a5 35.h3 f4 36.gxf4 gxf4 37.Re4 Rf8
38.Nxc5 Rxb2 39.a4 Rb4 40.Rxb4 axb4 41.Rc1 Nd4 42.Nd3 f3+ 43.Kh1 Rd8 44.Nc5 Re8
45.Nd7 Kg7 46.a5  1/2-1/2

[Event "11th GM"]
[Site "Lippstadt GER"]
[Date "2003.08.14"]
[Round "8"]
[White "Ruck,R"]
[Black "Maiwald,JU"]
[Result "1/2-1/2"]
[WhiteElo "2550"]
[BlackElo "2517"]

1.Nf3 g6 2.c4 Bg7 3.d4 d6 4.g3 Nf6 5.Bg2 O-O 6.O-O Nc6 7.Nc3 Bf5 8.d5 Na5
9.Nd4 Bd7 10.b3 c5 11.Nc2 a6 12.Rb1 Qc7 13.e4 b5 14.Qe2 Rab8 15.Bd2 e6 16.dxe6 fxe6
17.cxb5 axb5 18.b4 Nc4 19.Be1 Ne5 20.f4 Nf7 21.Kh1 Rfc8  1/2-1/2

[Event "ADCF Masters"]
[Site "Abu Dhabi UAE"]
[Date "2003.08.16"]
[Round "1"]
[White "Barsov,A"]
[Black "Jasim,A"]
[Result "1-0"]
[WhiteElo "2526"]
[BlackElo "2318"]

1.d4 g6 2.c4 d6 3.Nf3 Bg7 4.g3 Nf6 5.Bg2 O-O 6.O-O c6 7.Nc3 Bf5 8.Nh4 Be6
9.Qd3 d5 10.b3 Na6 11.c5 Ne4 12.Bb2 f5 13.Nf3 Bc8 14.Qc2 Nc7 15.Na4 f4 16.Ne5 Bf5
17.g4 Be6 18.f3 Nf6 19.e3 fxe3 20.Qe2 Nd7 21.Nd3 Bf7 22.Qxe3 Ne6 23.f4 Bh6
24.Qh3 Bg7 25.Qe3 Bh6 26.Nc3 Qc7 27.Ne2 b6 28.Rac1 g5 29.f5 Nf4 30.Nexf4 gxf4
31.Nxf4 Nf6 32.g5  1-0

[Event "Open"]
[Site "Vienna AUT"]
[Date "2003.08.17"]
[Round "2"]
[White "Niklasch,O"]
[Black "Vasilescu,V"]
[Result "1-0"]
[WhiteElo "2371"]
[BlackElo "2176"]

1.d4 g6 2.g3 Bg7 3.c4 d6 4.Bg2 Nf6 5.Nf3 O-O 6.O-O Nc6 7.Nc3 a6 8.b3 Rb8
9.e3 b5 10.Qe2 Na5 11.cxb5 axb5 12.b4 Nc6 13.a4 Nxb4 14.axb5 Nfd5 15.Nxd5 Nxd5
16.Bd2 Bd7 17.Rfb1 c6 18.Ba5 Qc8 19.Nd2 Nf6 20.b6 Qb7 21.Qc4 Rfc8 22.Qb3 d5
23.Qb4 e5 24.Nb3 Bf8 25.Nc5 Bxc5 26.dxc5 Bf5 27.Rc1 Re8 28.Qb2 Nd7 29.Qe2 e4
30.Qd2 Ne5 31.Bc3 Nd3 32.Ra7 Qc8 33.Rb1 Bh3 34.Bh1 Qf5 35.Rc7 Rec8 36.Rxc8+ Qxc8
37.f4 Qa6 38.Ra1 Qc4 39.Bd4 Nxc5 40.Rc1 Qd3 41.Qxd3 Nxd3 42.Rxc6 Rc8 43.Rxc8+ Bxc8
44.Bg2 Kf8 45.Bh3 Bb7 46.Bd7 Ke7 47.Bb5 Kd6 48.Kf1 Nb4 49.Be8 Ke6 50.Bc5 Na6
51.Ba3 Nb8 52.g4 f5 53.gxf5+ gxf5 54.Bb2 Ke7 55.Ba4 Na6 56.Kf2 Ke6 57.Kg3 Nc5
58.Bb5 Kf7 59.Kh4 Nd3 60.Bd4 Ne1 61.Kg3 Ke6 62.h3 Nf3 63.Bc3 Kd6 64.Bb4+ Ke6
65.Bc5 d4 66.Bc4+ Kd7 67.exd4 Nd2 68.Bg8 h5 69.d5 Nf3 70.Be6+ Ke8 71.d6 h4+
72.Kf2 Nd2 73.d7+ Kd8 74.Bd6  1-0

[Event "ADCF Masters"]
[Site "Abu Dhabi UAE"]
[Date "2003.08.18"]
[Round "3"]
[White "Barsov,A"]
[Black "Malyshev,V"]
[Result "1-0"]
[WhiteElo "2526"]
[BlackElo "2377"]

1.d4 Nf6 2.c4 g6 3.Nf3 Bg7 4.g3 O-O 5.Bg2 d6 6.O-O Nbd7 7.Nc3 e5 8.h3 Re8
9.e4 exd4 10.Nxd4 Nc5 11.Re1 a5 12.Ndb5 Bd7 13.Bf4 h6 14.Nxc7 Qxc7 15.Bxd6 Qc8
16.e5 Bxh3 17.Bxh3 Qxh3 18.exf6 Rxe1+ 19.Qxe1 Bf8 20.Bxf8 Rxf8 21.Rd1 Ne6
22.Qe3 Rc8 23.b3 Re8 24.Rd5 b6 25.Re5 Kh7 26.Nd5 b5 27.Nc7 Rd8 28.Rd5 Rxd5
29.cxd5 Ng5 30.f4 Qd7 31.Qe7 Qg4 32.fxg5 Qxg3+ 33.Kf1 Qf3+ 34.Ke1 Qc3+ 35.Ke2 Qc2+
36.Ke3 Qc3+ 37.Ke4 Qe1+ 38.Kd4 Qf2+ 39.Kc3  1-0

[Event "ADCF Masters"]
[Site "Abu Dhabi UAE"]
[Date "2003.08.18"]
[Round "3"]
[White "Magerramov,E"]
[Black "Ezat,M"]
[Result "1/2-1/2"]
[WhiteElo "2566"]
[BlackElo "2410"]

1.d4 Nf6 2.Nf3 g6 3.c4 Bg7 4.g3 O-O 5.Bg2 d6 6.Nc3 Nc6 7.O-O a6 8.h3 Rb8
9.e4 b5 10.cxb5 axb5 11.Re1 Nd7 12.Bg5 h6 13.Be3 Na5 14.b3 b4 15.Ne2 c5 16.Rc1 Ba6
17.dxc5 dxc5 18.Bxc5 Nxc5 19.Qxd8 Rfxd8 20.Rxc5 Nb7 21.Rc6 Bb5 22.Rc7 Rdc8
23.Rxc8+ Rxc8 24.Ned4 Bd7 25.e5 Nc5 26.Rc1 Kf8 27.Bf1 Ne6 28.Rxc8+ Bxc8 29.Nc2 Ng5
30.Nxg5 hxg5 31.Nxb4 Bxe5 32.a4 Bc3 33.Nd5 Bd2 34.g4 e6 35.Nb6 Bb7 36.Bb5 Bb4
37.Nd7+ Ke7 38.Ne5 Bc3 39.Nc6+ Bxc6 40.Bxc6 f5 41.Kf1 fxg4 42.hxg4 Kd6 43.Be8 Kc5
44.Bxg6 e5 45.Ke2 Kd4 46.Kd1 Ba5 47.Kc2 Bb4 48.f3 Ba5  1/2-1/2

[Event "15th Vidmar mem"]
[Site "Terme Zrece SLO"]
[Date "2003.08.19"]
[Round "2"]
[White "Mikhalchishin,A"]
[Black "Lenic,L"]
[Result "1/2-1/2"]
[WhiteElo "2518"]
[BlackElo "2386"]

1.Nf3 Nf6 2.c4 g6 3.d4 Bg7 4.g3 O-O 5.Bg2 d6 6.O-O Nc6 7.Nc3 a6 8.h3 Bd7
9.e4 e5 10.Be3 exd4 11.Nxd4 Qc8 12.Kh2 Re8 13.f4 Rb8 14.Qd2 Na5 15.b3 c5
16.Nf3 Nxe4 17.Nxe4 Rxe4 18.Rae1 b6 19.Qxd6 Nb7 20.Qd2 Re6 21.Ne5  1/2-1/2

[Event "Open"]
[Site "Vienna AUT"]
[Date "2003.08.19"]
[Round "4"]
[White "Hirsch,A"]
[Black "Hangweyrer,R"]
[Result "0-1"]
[WhiteElo "2069"]
[BlackElo "2200"]

1.Nf3 Nf6 2.g3 g6 3.Bg2 Bg7 4.d4 O-O 5.c4 d6 6.O-O Nbd7 7.Qc2 e5 8.Rd1 exd4
9.Nxd4 Re8 10.Nc3 Ne5 11.Nd5 c6 12.Nxf6+ Qxf6 13.h3 a6 14.f4 Nd7 15.e4 Nc5
16.b4 Nxe4 17.Bxe4 Qxd4+ 18.Rxd4 Bxd4+ 19.Kg2 Bxa1 20.f5 Bxf5 21.Bxf5 gxf5
22.Qxf5 Re2+ 23.Kf3 Re6 24.Bf4 Rae8 25.a4 Be5 26.b5 Bxf4 27.gxf4 axb5 28.axb5 Re3+
29.Kf2 Re2+ 30.Kf3 R8e3+ 31.Kg4 Rg2+ 32.Kh5 cxb5 33.cxb5 Kg7 34.Qc8 Rg6 35.Kh4 Rf3
36.Qc4 Rf6 37.f5 R3xf5 38.Qc8 Rxb5 39.Qg4+ Rg6 40.Qd4+ Re5 41.Qb2 b5 42.Qd4 h6
43.Qb2 Kh7 44.Qd4 Rge6 45.Qa7 Kg6 46.Qg1+ Rg5 47.Qb1+ f5 48.Qd3 Re4+  0-1

[Event "Independence Cup"]
[Site "Kyiv UKR"]
[Date "2003.08.20"]
[Round "8"]
[White "Dzupin,D"]
[Black "Onischuk,V"]
[Result "0-1"]
[WhiteElo "2301"]
[BlackElo "2174"]

1.d4 Nf6 2.c4 g6 3.Nf3 Bg7 4.g3 O-O 5.Bg2 d6 6.O-O Nbd7 7.Nc3 e5 8.e4 Re8
9.h3 c6 10.Be3 exd4 11.Nxd4 Nc5 12.Qc2 a5 13.Rad1 Qe7 14.Rfe1 Be6 15.b3 Rad8
16.Re2 Bc8 17.a3 Nfd7 18.b4 axb4 19.axb4 Ne6 20.Nb3 Qf6 21.Na4 h5 22.Qc1 h4
23.g4 b5 24.cxb5 cxb5 25.g5 Qe7 26.Nb6 Nxb6 27.Bxb6 Be5 28.Be3 Bb7 29.f4 Rc8
30.Qd2 Bc3 31.Qd3 d5 32.Qxb5 Qxb4 33.Qxb4 Bxb4 34.f5 gxf5 35.e5 f4 36.Bd2 Bxd2
37.Rexd2 Nxg5 38.Bxd5 Bxd5 39.Rxd5 Nf3+ 40.Kf2 Nxe5 41.Nc5 Ng6 42.R1d3 Kg7
43.Rf5 Re5 44.Rd5 Rxd5 45.Rxd5 Re8 46.Rd3 Re5 47.Rc3 Re7 48.Kf3 f5 49.Nb3 Kf6
50.Nd4 Kg5 51.Kf2 Ne5 52.Rb3 f3 53.Nxf3+ Nxf3 54.Kxf3 Ra7 55.Rc3 Ra2 56.Rc8 Ra3+
57.Kg2 Rg3+ 58.Kh2 Re3 59.Kg2 Kf4 60.Rc4+ Re4 61.Rc2 Ra4 62.Kf2 Ra3 63.Rc4+ Kg5
64.Kg2 Ra2+ 65.Kf3 Rh2 66.Ra4 Rxh3+ 67.Kg2 Rg3+ 68.Kh2 Re3 69.Kg2 Re4 70.Ra3 Kg4
71.Kf2 Rb4 72.Kg2 Rb2+ 73.Kg1 f4 74.Rc3 Re2 75.Kf1 Re3 76.Rc2 h3 77.Rc8 Ra3
78.Kf2 Ra2+ 79.Kg1 Kg3 80.Rg8+ Kf3 81.Rh8 Ra1+ 82.Kh2 Kf2 83.Rb8 Re1 84.Kxh3 f3
85.Kh2 Kf1 86.Kg3 f2 87.Kf3 Ra1  0-1

[Event "Open"]
[Site "Vienna AUT"]
[Date "2003.08.21"]
[Round "6"]
[White "Vitouch,A"]
[Black "Stuhlik,M"]
[Result "1/2-1/2"]
[WhiteElo "2162"]
[BlackElo "2286"]

1.Nf3 g6 2.c4 Bg7 3.d4 Nf6 4.g3 O-O 5.Bg2 d6 6.Nc3 c6 7.O-O Bf5 8.h3 Ne4
9.Nxe4 Bxe4 10.Be3 d5 11.Qb3 Qb6 12.Qxb6 axb6 13.Nd2 Bxg2 14.Kxg2 c5 15.cxd5 cxd4
16.Bg5 f6 17.Bf4 Na6 18.Nc4 b5 19.Nb6 Rad8 20.Rac1 e5 21.dxe6 Rfe8 22.Kf3 Rxe6
23.Rc8 Rxc8 24.Nxc8 Bf8 25.Na7 b4 26.Nb5 Bc5 27.Rd1 g5 28.Bc1 Rc6 29.b3 Bb6
30.Bb2 Rc2 31.Bxd4 Bxd4 32.Rxd4 Rxa2 33.Rc4 Rb2 34.Nd4 Kf7 35.g4 Ke7 36.Ke4 Rb1
37.Kf5 Rh1 38.Nc2 Rh2 39.Re4+ Kf7 40.f3 Nc7 41.Rd4 Rxe2 42.Rd7+ Re7 43.Rxe7+ Kxe7
44.Nxb4 Kf7 45.Nd3 b6 46.f4 h6 47.fxg5 hxg5 48.b4 Ke7 49.Nf2 Ne8 50.Ke4 Ke6
51.Kd4 Nd6 52.Ne4 Nxe4 53.Kxe4 b5 54.Kd4 Kd6  1/2-1/2

[Event "ADCF Masters"]
[Site "Abu Dhabi UAE"]
[Date "2003.08.22"]
[Round "6"]
[White "Dizdar,G"]
[Black "Ahmed,Es"]
[Result "1-0"]
[WhiteElo "2525"]
[BlackElo "2403"]

1.d4 Nf6 2.Nf3 g6 3.c4 Bg7 4.g3 O-O 5.Bg2 d6 6.O-O Nc6 7.Nc3 a6 8.d5 Na5
9.b3 c5 10.Bb2 b5 11.cxb5 axb5 12.Nxb5 Rb8 13.Na3 Bb7 14.Ne1 Ba6 15.Nec2 e6
16.dxe6 fxe6 17.Rb1 Bb7 18.Bxf6 Bxf6 19.b4 Bxg2 20.Kxg2 cxb4 21.Nxb4 Qb6
22.Qd3 Rfc8 23.Qe4 Qb7 24.Qxb7 Rxb7 25.Nd3 Rxb1 26.Rxb1 Kf7 27.Rb6 Rc6 28.Rb8 Nc4
29.Rb7+ Be7 30.Nb5 Rb6 31.Rxb6 Nxb6 32.Kf3 Ke8 33.e4 Kd7 34.e5 d5 35.Ke2 Nc4
36.Nd4 g5 37.h3 Bf8 38.Kd1 h5 39.Ke2 Be7 40.f4 gxf4 41.Nxf4 Nxe5 42.Ndxe6 h4
43.g4 Bd6 44.Ke3 Nc6 45.a4 Ke7 46.Ng7 Bc5+ 47.Kd2 Kf6 48.Nf5 Kf7 49.Nxd5 Ne5
50.Ke2 Ke6 51.Nf4+ Kd7 52.Nd3 Nxd3 53.Kxd3 Bf2 54.Ke4 Be1 55.g5 Bd2 56.g6 Ke6  1-0

[Event "ADCF Masters"]
[Site "Abu Dhabi UAE"]
[Date "2003.08.22"]
[Round "6"]
[White "Kotsur,P"]
[Black "Iuldachev,S"]
[Result "1-0"]
[WhiteElo "2540"]
[BlackElo "2513"]

1.d4 Nf6 2.Nf3 g6 3.c4 Bg7 4.g3 O-O 5.Bg2 d6 6.O-O Nbd7 7.Nc3 e5 8.e4 a6
9.h3 Re8 10.Re1 exd4 11.Nxd4 Ne5 12.b3 c5 13.Nc2 Nh5 14.Re3 Nc6 15.Bb2 f5
16.exf5 Bxf5 17.Qd5+ Kh8 18.Rae1 Qd7 19.Rxe8+ Rxe8 20.Rxe8+ Qxe8 21.Ne3 Nxg3
22.Qxd6 Nh5 23.Bxc6 bxc6 24.Nxf5 gxf5 25.Kf1 Kg8 26.Qxc5 Qd7 27.Qe3 Kf7 28.Qf3 Kg6
29.Na4 Bxb2 30.Nxb2 Qd2 31.Nd3 Qxa2 32.Ne5+ Kf6 33.Nxc6 Kg5 34.Qe3+ Kh4 35.Nd4 f4
36.Nf3+  1-0

[Event "Open"]
[Site "Porto San Giorgo ITA"]
[Date "2003.08.23"]
[Round "3"]
[White "Delchev,A"]
[Black "Roeder,M"]
[Result "1-0"]
[WhiteElo "2572"]
[BlackElo "2451"]

1.d4 Nf6 2.Nf3 g6 3.c4 Bg7 4.g3 O-O 5.Bg2 d6 6.O-O c5 7.d5 b5 8.cxb5 a6 9.bxa6 Bxa6
10.Nc3 Nbd7 11.Qc2 Ra7 12.Rd1 Qa8 13.Rb1 Bc4 14.a3 Rb8 15.b3 Nxd5 16.Nd2 Nxc3
17.Bxa8 Bxe2 18.Re1 Raxa8 19.Bb2 Nxb1 20.Qxb1 Bd3 21.Qxd3 Bxb2 22.Rxe7 Nf6
23.Nc4 Bd4 24.Nxd6 Rxa3 25.Qc4 Rf8 26.Rxf7 Bxf2+ 27.Kg2  1-0

[Event "Acropolis WGM"]
[Site "Athens GRE"]
[Date "2003.08.25"]
[Round "1"]
[White "Kiseleva,N"]
[Black "Stefanidi,M"]
[Result "1-0"]
[WhiteElo "2322"]
[BlackElo "2134"]

1.d4 Nf6 2.c4 g6 3.g3 Bg7 4.Bg2 d6 5.Nf3 O-O 6.O-O Nbd7 7.Nc3 e5 8.e4 Qe7
9.h3 h6 10.Be3 exd4 11.Nxd4 Nc5 12.f3 a5 13.Qd2 Kh7 14.g4 c6 15.Rfe1 Re8
16.Rad1 Qc7 17.Bf2 Be6 18.Nxe6 Rxe6 19.e5 Ne8 20.f4 Na6 21.Qc2 dxe5 22.f5 Rd6
23.fxg6+ fxg6 24.Be4 Qf7 25.Rf1 Rxd1 26.Nxd1 Qe6 27.Ne3 Nd6 28.Bg2 Nb4 29.Qb1 Nxc4
30.Nxc4 Qxc4 31.Be4 Qe6 32.a3 Nd5 33.Bg3 Rf8 34.Re1 Qf7 35.Qc2 Nf4 36.Kh2 Kh8
37.Rd1 g5 38.Bf5 Nd5 39.Qe4 Qe7 40.Re1 Nf6 41.Qc4 Qd6 42.Qc3 Qd4 43.Bxe5 Nxg4+
44.hxg4 Bxe5+ 45.Rxe5 Qf2+ 46.Kh3 Qf1+ 47.Kg3 Qg1+ 48.Kf3 Qf1+ 49.Ke3 Qg1+
50.Kd2 Kg8 51.Be6+ Kh7 52.Qd3+ Kh8 53.Bf5 Qb6 54.Kc2 Qf2+ 55.Kb1 h5 56.Qd7 Qf1+
57.Ka2 Rxf5 58.Qxf5  1-0

[Event "European GP"]
[Site "Izmir TUR"]
[Date "2003.08.26"]
[Round "2"]
[White "Bagaturov,G"]
[Black "Ardic,E"]
[Result "1-0"]
[WhiteElo "2462"]
[BlackElo "2137"]

1.d4 Nf6 2.c4 g6 3.Nf3 Bg7 4.g3 O-O 5.Bg2 d6 6.O-O Nbd7 7.Nc3 c6 8.e4 Qc7
9.h3 Re8 10.Re1 e5 11.Be3 a6 12.Rc1 b6 13.Qc2 Bb7 14.d5 c5 15.a3 Bc8 16.Bf1 Nf8
17.b4 Nh5 18.g4 Nf6 19.Nh2 h6 20.bxc5 bxc5 21.Rb1 Bd7 22.Rb3 Reb8 23.Reb1 g5
24.Qb2 Rxb3 25.Qxb3 Ng6 26.Qb6 Qxb6 27.Rxb6 Ne8 28.Nf3 Bf6 29.Rb7 Bc8 30.Rb1 Bd7
31.Bd3 Nf4 32.Bxf4 exf4 33.e5 Bd8 34.Ne4 Rc8 35.exd6 f6 36.Rb7 Ra8  1-0

[Event "Open"]
[Site "Porto San Giorgo ITA"]
[Date "2003.08.27"]
[Round "7"]
[White "Cioara,A"]
[Black "Roeder,M"]
[Result "0-1"]
[WhiteElo "2394"]
[BlackElo "2451"]

1.d4 Nf6 2.c4 g6 3.Nf3 Bg7 4.g3 O-O 5.Bg2 d6 6.O-O c6 7.Nc3 Qa5 8.h3 Be6
9.Nd2 d5 10.Nb3 Qd8 11.Nc5 Bc8 12.cxd5 cxd5 13.Qb3 Nc6 14.Rd1 Na5 15.Qb4 b6
16.Nd3 Bb7 17.Ne5 Rc8 18.Bg5 Re8 19.Rac1 Ne4 20.Nxe4 Rxc1 21.Rxc1 dxe4 22.Be3 Bd5
23.b3 f6 24.Nc4 Nc6 25.Qb5 Qd7 26.Bf4 Rd8 27.Nd6 Qe6 28.Rxc6 Bxc6 29.Qxc6 exd6
30.Bxe4 Qxh3 31.Qa4 Qd7 32.Bc6 Qe7 33.Qc4+ Kh8 34.e4 h5 35.Qd5 Kh7 36.b4 Bh6
37.Bxh6 Kxh6 38.b5 Kg7 39.Qb3 Rf8 40.f4 Rd8 41.Qf3 Rh8 42.Kg2 Qf7 43.Qa3 Qc7
44.Qb3 Qe7 45.a4 Rc8 46.Qf3 Qe6 47.Qa3 Kh6 48.a5 bxa5 49.Qxa5 Qe7 50.Qa3 Rd8
51.Qb3 Kg7 52.Qa3 Rh8 53.Qa2 h4 54.g4 h3+ 55.Kh2 Rh4 56.Qe2 Qe6 57.f5 Qe7
58.Qf3 g5 59.Qe2 Qc7 60.Qf3 Qa5 61.Qe2 Qc3 62.e5 dxe5 63.dxe5 Qxe5+ 64.Qxe5 fxe5
65.Kg3 h2 66.Bh1 e4  0-1